[Event "Montevideo Duchamp Cup 4th"]
[White "Hungaski,Robert Andrew"]
[Black "Garcia Palermo,Carlos H"]
[Site "Montevideo"]
[Round "6"]
[Annotator ""]
[Result "1-0"]
[Date "2020.02.12"]
[WhiteElo "2504"]
[BlackElo "2434"]
[PlyCount "129"]

1. e4 c6 2. d4 d5 3. Nc3 dxe4 4. Nxe4 Bf5 5. Ng3 Bg6 6. h4 h6 7. Nf3 Nd7 8. h5 Bh7 9. Bd3 Bxd3 10. Qxd3 e6 11. Bd2 Ngf6 12. O-O-O Bd6 13. Kb1 Qc7 14. Ne4 Bf4 15. c4 Nxe4 16. Qxe4 Bxd2 17. Rxd2 Nf6 18. Qe3 Ng4 19. Qe4 Nf6 20. Qe2 Qf4 21. Rh4 Qf5+ 22. Kc1 O-O 23. Ne5 Rad8 24. Qf3 Qg5 25. g3 Rd6 26. Kc2 Rfd8 27. Rd3 Rc8 28. Qe3 Qxe3 29. fxe3 Nd7 30. Nxd7 Rxd7 31. Ra3 a6 32. Re4 c5 33. Kc3 Rdc7 34. Ra5 cxd4+ 35. Rxd4 f6 36. b3 Kf7 37. Rd6 Ke7 38. Rb6 g6 39. g4 Rg8 40. hxg6 e5 41. Rd5 Rxg6 42. Rxe5+ Kf7 43. Re4 f5 44. Rxg6 Kxg6 45. Re6+ Kg5 46. gxf5 h5 47. e4 h4 48. Rg6+ Kh5 49. Rg8 Rh7 50. f6 h3 51. Rg7 Kh6 52. Rg1 h2 53. Rh1 Kg6 54. e5 Rh4 55. b4 Kf7 56. c5 Ke6 57. Kb3 a5 58. a3 axb4 59. axb4 Rh7 60. Kc4 Kxe5 61. f7 Rxf7 62. Rxh2 Ke6 63. Rd2 Rd7 64. Re2+ Kf6 65. Re4 1-0

[Event "Montevideo Duchamp Cup 4th"]
[White "Roselli Mailhe,Bernardo"]
[Black "Hungaski,Robert Andrew"]
[Site "Montevideo"]
[Round "5"]
[Annotator ""]
[Result "1/2-1/2"]
[Date "2020.02.11"]
[WhiteElo "2433"]
[BlackElo "2504"]
[PlyCount "43"]

1. d4 Nf6 2. c4 e6 3. Nf3 d5 4. Nc3 dxc4 5. e3 a6 6. a4 c5 7. Bxc4 Nc6 8. O-O Qc7 9. Qe2 Be7 10. dxc5 Bxc5 11. Bd2 O-O 12. Rfc1 h6 13. Bd3 Qe7 14. Ne4 Nxe4 15. Bxe4 Bd7 16. Qc4 Bd6 17. Bc3 Rfc8 18. Rd1 Be8 19. Qb3 a5 20. h3 Bc5 21. Rac1 Nb4 22. Bd4 1/2-1/2

[Event "Montevideo Duchamp Cup 4th"]
[White "Hungaski,Robert Andrew"]
[Black "Carbone,Diego"]
[Site "Montevideo"]
[Round "4"]
[Annotator ""]
[Result "1-0"]
[Date "2020.02.10"]
[WhiteElo "2504"]
[BlackElo "2239"]
[PlyCount "51"]

1. d4 Nf6 2. c4 g6 3. f3 d5 4. cxd5 Nxd5 5. e4 Nb6 6. Nc3 Bg7 7. Be3 O-O 8. Qd2 Nc6 9. O-O-O f5 10. h4 e5 11. d5 Nd4 12. h5 c6 13. hxg6 hxg6 14. exf5 Bxf5 15. g4 Bc2 16. Qh2 Kf7 17. Bxd4 exd4 18. Kxc2 dxc3 19. dxc6 Nd5 20. Bc4 bxc6 21. Ne2 cxb2 22. Kb1 Rb8 23. Nf4 Qd6 24. Nxd5 Qxh2 25. Nc7+ Ke7 26. Rxh2 1-0

[Event "Montevideo Duchamp Cup 4th"]
[White "Dotta,Gian Franco"]
[Black "Hungaski,Robert Andrew"]
[Site "Montevideo"]
[Round "3"]
[Annotator ""]
[Result "0-1"]
[Date "2020.02.09"]
[WhiteElo "2000"]
[BlackElo "2504"]
[PlyCount "76"]

1. e4 e6 2. d4 d5 3. Nc3 Bb4 4. exd5 exd5 5. a3 Bxc3+ 6. bxc3 Ne7 7. Bd3 Bf5 8. Bf4 O-O 9. Nf3 Nbc6 10. O-O Qd7 11. Re1 f6 12. c4 Bxd3 13. Qxd3 dxc4 14. Qxc4+ Nd5 15. Bd2 Nd8 16. Bb4 b5 17. Qb3 Nc6 18. Bxf8 Na5 19. Qd3 Rxf8 20. Re4 Nc4 21. Rae1 a5 22. a4 c6 23. Nd2 Nd6 24. Rh4 g5 25. Rh6 Nf4 26. Qb3+ Kg7 27. g3 bxa4 28. Qf3 Kxh6 29. gxf4 g4 30. Qa3 Rd8 31. Qxa4 Qf5 32. Qxc6 Qxf4 33. Ne4 Re8 34. Qc7 Rxe4 35. Rxe4 Qc1+ 36. Kg2 Nxe4 37. Qxa5 Qxc2 38. Qf5 Qe2 0-1

[Event "Montevideo Duchamp Cup 4th"]
[White "Hungaski,Robert Andrew"]
[Black "Munoz Perez,Rolando"]
[Site "Montevideo"]
[Round "2"]
[Annotator ""]
[Result "1/2-1/2"]
[Date "2020.02.09"]
[WhiteElo "2504"]
[BlackElo "2095"]
[PlyCount "88"]

1. Nf3 Nf6 2. c4 c5 3. Nc3 e6 4. g3 b6 5. Bg2 Bb7 6. O-O Be7 7. Re1 d6 8. e4 Nbd7 9. d4 cxd4 10. Nxd4 Qc7 11. b3 a6 12. Bb2 O-O 13. Rc1 Rac8 14. f4 Rfd8 15. Kh1 Bf8 16. Qe2 Qb8 17. f5 exf5 18. Nxf5 g6 19. Nd4 Re8 20. Qf3 Bg7 21. Nd5 Bxd5 22. exd5 Rxe1+ 23. Rxe1 Re8 24. Rf1 Ne5 25. Qd1 Neg4 26. Nc6 Qc7 27. Qa1 Nh5 28. Bxg7 Nxg7 29. Qd4 h5 30. h3 Ne3 31. Re1 Ngf5 32. Qf4 Qd7 33. Qf2 Nxg2 34. Kxg2 b5 35. cxb5 axb5 36. g4 Rxe1 37. Qxe1 hxg4 38. hxg4 Nh6 39. g5 Qg4+ 40. Qg3 Qe2+ 41. Qf2 Qg4+ 42. Qg3 Qe2+ 43. Qf2 Qg4+ 44. Qg3 Qe2+ 1/2-1/2

[Event "Florianopolis op 6th"]
[White "Larrea,Manuel"]
[Black "Hungaski,Robert Andrew"]
[Site "Florianopolis"]
[Round "10"]
[Annotator ""]
[Result "0-1"]
[Date "2020.01.26"]
[WhiteElo "2235"]
[BlackElo "2488"]
[PlyCount "80"]

1. e4 e6 2. d4 d5 3. Nc3 Bb4 4. e5 c5 5. a3 Bxc3+ 6. bxc3 Nc6 7. Qg4 g6 8. a4 Qa5 9. Bd2 c4 10. h4 h6 11. h5 g5 12. f4 f5 13. Qg3 g4 14. Nh3 Nge7 15. Nf2 Bd7 16. Nd1 Nc8 17. Be2 Nb6 18. Qh4 Rf8 19. Ne3 Ne7 20. O-O Rf7 21. Rfb1 O-O-O 22. Qe1 Bc6 23. Rb4 g3 24. Qb1 Na8 25. Qb2 Kd7 26. Bf3 Nc7 27. Be1 Rg8 28. Qa3 Nc8 29. Kf1 Na6 30. Ke2 Qd8 31. Rbb1 Qe7 32. Qxe7+ Nxe7 33. a5 Nc7 34. Bd2 Nb5 35. Rh1 Kc7 36. Rh3 Rfg7 37. Be1 Be8 38. Kd2 b6 39. axb6+ Kxb6 40. Nf1 a5 0-1

[Event "Florianopolis op 6th"]
[White "Hungaski,Robert Andrew"]
[Black "Santiago,Yago de Moura"]
[Site "Florianopolis"]
[Round "9"]
[Annotator ""]
[Result "1/2-1/2"]
[Date "2020.01.25"]
[WhiteElo "2488"]
[BlackElo "2486"]
[PlyCount "88"]

1. d4 Nf6 2. c4 e6 3. Nc3 d5 4. cxd5 exd5 5. Bg5 c6 6. e3 Be7 7. Bd3 O-O 8. Qc2 Nbd7 9. Nf3 Re8 10. O-O Nf8 11. Rab1 a5 12. a3 g6 13. Ne5 Ne6 14. Bh4 Ng7 15. h3 Bf5 16. b4 axb4 17. axb4 Bxd3 18. Nxd3 b5 19. Ne5 Rc8 20. Ne2 Nf5 21. Bxf6 Bxf6 22. Nf3 Nd6 23. Nf4 Nc4 24. Ra1 Qe7 25. Qc3 Ra8 26. Nd3 Bg7 27. Nc5 Bf8 28. Rfe1 Qc7 29. Qc2 Ra7 30. Ra2 Rea8 31. Rea1 Bd6 32. Qb1 Qb8 33. Na6 Qc8 34. Nc5 Bxc5 35. dxc5 Rxa2 36. Rxa2 Ra4 37. Re2 Qa8 38. Kh2 Ra1 39. Qd3 Ra3 40. Qd4 Rb3 41. e4 Qb8+ 42. e5 Rxb4 43. g3 Rb3 44. Qf4 Qe8 1/2-1/2

[Event "Florianopolis op 6th"]
[White "Shirov,Alexei"]
[Black "Hungaski,Robert Andrew"]
[Site "Florianopolis"]
[Round "8"]
[Annotator ""]
[Result "1/2-1/2"]
[Date "2020.01.25"]
[WhiteElo "2677"]
[BlackElo "2488"]
[PlyCount "80"]

1. d4 d5 2. c4 dxc4 3. e4 Nc6 4. Nf3 Bg4 5. Be3 e6 6. Nc3 Bb4 7. Bxc4 Bxf3 8. gxf3 Qf6 9. Qc2 Qxf3 10. Rg1 Nf6 11. a3 Bxc3+ 12. bxc3 Qxe4 13. Bd3 Qf3 14. Be2 Qe4 15. Bd3 Qf3 16. Qb2 O-O 17. Rg3 Qh1+ 18. Kd2 Qd5 19. Rag1 g6 20. c4 Qd6 21. Rf3 e5 22. d5 Nxd5 23. cxd5 Qxd5 24. Rh3 e4 25. Bh6 Ne5 26. Ke1 exd3 27. f4 d2+ 28. Kd1 Qc5 29. Rf3 Qc1+ 30. Qxc1 dxc1=Q+ 31. Kxc1 Nc4 32. Bxf8 Kxf8 33. Rh3 Kg7 34. Rd1 Nd6 35. Rf3 Kf8 36. f5 gxf5 37. Rh3 Re8 38. Rxh7 Re5 39. Rh8+ Ke7 40. Rb8 f4 1/2-1/2

[Event "Florianopolis op 6th"]
[White "Hungaski,Robert Andrew"]
[Black "Carneiro,Vitor Roberto Castr"]
[Site "Florianopolis"]
[Round "5"]
[Annotator ""]
[Result "1/2-1/2"]
[Date "2020.01.23"]
[WhiteElo "2488"]
[BlackElo "2432"]
[PlyCount "70"]

1. e4 c6 2. d4 d5 3. Nc3 dxe4 4. Nxe4 Bf5 5. Ng3 Bg6 6. h4 h6 7. Nf3 e6 8. h5 Bh7 9. Bd3 Bxd3 10. Qxd3 Nf6 11. Bd2 Be7 12. O-O-O O-O 13. Ne4 Nxe4 14. Qxe4 Qd5 15. Qg4 Kh7 16. Kb1 Nd7 17. Qf4 Bd6 18. c4 Bxf4 19. cxd5 Bd6 20. dxc6 bxc6 21. g4 Rab8 22. Rc1 Rfc8 23. Rc4 Rb5 24. Rhc1 Nf6 25. Rxc6 Rxc6 26. Rxc6 Rd5 27. g5 Ne4 28. g6+ fxg6 29. hxg6+ Kxg6 30. Kc2 a5 31. Kd3 Nc5+ 32. Ke3 Ne4 33. Kd3 Nc5+ 34. Ke3 Ne4 35. Kd3 Nc5+ 1/2-1/2

[Event "Florianopolis op 6th"]
[White "Languidey,Simon Alejandro"]
[Black "Hungaski,Robert Andrew"]
[Site "Florianopolis"]
[Round "6"]
[Annotator ""]
[Result "0-1"]
[Date "2020.01.23"]
[WhiteElo "2425"]
[BlackElo "2488"]
[PlyCount "138"]

1. e4 c5 2. Nc3 Nc6 3. g3 g6 4. Bg2 Bg7 5. d3 d6 6. Be3 Rb8 7. Qd2 b5 8. Nge2 b4 9. Nd1 Nd4 10. O-O e5 11. Nc1 Ne7 12. a3 a5 13. axb4 axb4 14. c3 Ne6 15. Bh6 O-O 16. Bxg7 Kxg7 17. Ne3 bxc3 18. bxc3 f5 19. exf5 gxf5 20. f4 exf4 21. gxf4 Kh8 22. Ne2 Ng6 23. Kh1 Nh4 24. Bd5 Nc7 25. c4 Nxd5 26. Nxd5 Bb7 27. Qc3+ Qf6 28. Qxf6+ Rxf6 29. Nec3 Rg6 30. Rg1 Bc6 31. Rxg6 hxg6 32. Kg1 Rb2 33. Ra6 Nf3+ 34. Kf1 Nxh2+ 35. Ke1 Nf3+ 36. Kd1 Nd4 37. Ra7 Rb7 38. Ra8+ Kg7 39. Rd8 Rd7 40. Rc8 Bb7 41. Re8 Bc6 42. Rc8 Bxd5 43. Nxd5 Ne6 44. Ke1 g5 45. fxg5 Nxg5 46. Kf2 Nf7 47. Ke3 Ne5 48. Kf4 Rf7 49. Ke3 Ng6 50. Rd8 f4+ 51. Kf2 Ne5 52. Rxd6 Nxd3+ 53. Kf1 Ne5 54. Nb6 Ng4 55. Rd7 Ne5 56. Rd5 Nf3 57. Rd7 Ne5 58. Rd5 Nf3 59. Rd7 Ne5 60. Rd5 Nf3 61. Rd7 Ng5 62. Rxf7+ Kxf7 63. Nd7 Ne4 64. Ke2 Ke6 65. Nf8+ Kf5 66. Nd7 Kg4 67. Kd3 f3 68. Ke3 f2 69. Ke2 Kg3 0-1

[Event "Florianopolis op 6th"]
[White "Coro,Lucas"]
[Black "Hungaski,Robert Andrew"]
[Site "Florianopolis"]
[Round "4"]
[Annotator ""]
[Result "0-1"]
[Date "2020.01.22"]
[WhiteElo "2366"]
[BlackElo "2488"]
[PlyCount "50"]

1. e4 e6 2. d4 d5 3. Nc3 Bb4 4. e5 c5 5. a3 Bxc3+ 6. bxc3 Nc6 7. Qg4 g6 8. Nf3 Qa5 9. Bd2 c4 10. Be2 Bd7 11. Qh4 h6 12. O-O Nce7 13. Rfb1 O-O-O 14. a4 Rf8 15. Rb4 g5 16. Qh3 Ng6 17. Qh5 N8e7 18. h4 Nf4 19. Bxf4 gxf4 20. Ra3 Nc6 21. Rb2 Qc7 22. Nh2 f6 23. exf6 Rxf6 24. Bg4 Qd6 25. Ra1 Be8 0-1

[Event "Florianopolis op 6th"]
[White "Hungaski,Robert Andrew"]
[Black "Carvalho,Guillermo"]
[Site "Florianopolis"]
[Round "3"]
[Annotator ""]
[Result "1-0"]
[Date "2020.01.21"]
[WhiteElo "2488"]
[BlackElo "2198"]
[PlyCount "85"]

1. e4 e5 2. Nf3 Nc6 3. Bc4 Nf6 4. Ng5 d5 5. exd5 Na5 6. Bb5+ c6 7. dxc6 bxc6 8. Bd3 Bd6 9. Nc3 Bg4 10. Be2 Bf5 11. d3 O-O 12. Nge4 Be7 13. Nxf6+ Bxf6 14. Bf3 Rb8 15. O-O c5 16. Be4 Bg6 17. b3 Be7 18. Bxg6 hxg6 19. Qf3 Rc8 20. Nd5 Nc6 21. c3 Qd6 22. Bb2 Bg5 23. Rfe1 Rfd8 24. c4 a5 25. Re2 Rb8 26. Rae1 Bf6 27. Bc3 Rd7 28. g3 Ra7 29. h4 a4 30. Rb2 axb3 31. axb3 Rab7 32. Reb1 Bd8 33. h5 Ba5 34. hxg6 fxg6 35. Bxa5 Nxa5 36. Nc3 Nc6 37. Ne4 Qe7 38. Qg4 Nd4 39. Qxg6 Rb6 40. Qg4 Qf7 41. Kg2 Rg6 42. Qh5 Rf8 43. Rh1 1-0

[Event "US Open-120"]
[White "Hungaski,Robert Andrew"]
[Black "Dragun,Kamil"]
[Site "Orlando"]
[Round "9"]
[Annotator ""]
[Result "0-1"]
[Date "2019.08.11"]
[WhiteElo "2482"]
[BlackElo "2614"]
[PlyCount "80"]

1. d4 Nf6 2. c4 e6 3. g3 c5 4. d5 exd5 5. cxd5 g6 6. Nc3 d6 7. Bg2 Bg7 8. Nf3 O-O 9. O-O Re8 10. Nd2 a6 11. a4 Nbd7 12. Rb1 Rb8 13. b4 b5 14. axb5 axb5 15. Bb2 Ne5 16. Ba1 Bf5 17. e4 Bd7 18. bxc5 dxc5 19. f4 Neg4 20. Qf3 b4 21. Nd1 c4 22. e5 c3 23. Nxc3 bxc3 24. Bxc3 Rxb1 25. Rxb1 Bf5 26. Rb2 Qc7 27. Bd4 Nd7 28. Qc3 Qxc3 29. Bxc3 Ne3 30. Bf3 Rc8 31. Bd4 Rc1+ 32. Kf2 Nd1+ 33. Bxd1 Rxd1 34. Be3 Bf8 35. Rb7 Bc5 36. Ke2 Bg4+ 37. Kd3 Re1 38. Bd4 Bf5+ 39. Kc3 Rc1+ 40. Kb2 Rc2+ 0-1

[Event "US Open-120"]
[White "Hungaski,Robert Andrew"]
[Black "Gareyev,Timur"]
[Site "Orlando"]
[Round "8"]
[Annotator ""]
[Result "1/2-1/2"]
[Date "2019.08.10"]
[WhiteElo "2482"]
[BlackElo "2600"]
[PlyCount "99"]

1. Nf3 b5 2. e3 a6 3. b3 e6 4. Bb2 c5 5. c4 bxc4 6. bxc4 Nc6 7. Nc3 Nf6 8. Be2 Rb8 9. Rb1 d5 10. cxd5 exd5 11. Ba1 Rxb1 12. Qxb1 Be7 13. O-O O-O 14. Rc1 Qa5 15. Qb3 c4 16. Qa4 Qxa4 17. Nxa4 Bf5 18. Nd4 Nxd4 19. Bxd4 Ba3 20. Bb2 Bxb2 21. Nxb2 Rb8 22. Nd1 Ne4 23. d3 Nd6 24. dxc4 dxc4 25. f3 Rb4 26. Nc3 Kf8 27. Rd1 Rb6 28. e4 Be6 29. Kf2 Nb5 30. Rb1 Rc6 31. Rc1 Ke7 32. Ke3 Kd6 33. Na4 g5 34. g3 Ke7 35. f4 gxf4+ 36. gxf4 c3 37. Bxb5 axb5 38. Rxc3 Ra6 39. Nc5 Rxa2 40. Nxe6 Kxe6 41. Rc6+ Ke7 42. Rh6 b4 43. Rxh7 Ra6 44. Rg7 b3 45. Rg1 b2 46. Rb1 Ra3+ 47. Kd4 Ra4+ 48. Ke3 Ra3+ 49. Kd4 Ra4+ 50. Ke3 1/2-1/2

[Event "US Open-120"]
[White "Hansen,Martin"]
[Black "Hungaski,Robert Andrew"]
[Site "Orlando"]
[Round "7"]
[Annotator ""]
[Result "0-1"]
[Date "2019.08.09"]
[WhiteElo "2058"]
[BlackElo "2482"]
[PlyCount "82"]

1. e4 e5 2. Nf3 Nc6 3. Bb5 a6 4. Ba4 Nf6 5. O-O Be7 6. Re1 b5 7. Bb3 d6 8. c3 O-O 9. d4 Bg4 10. Be3 exd4 11. cxd4 Na5 12. Bc2 Nc4 13. Bc1 Nd7 14. b3 Ncb6 15. Bb2 c5 16. Nbd2 Re8 17. Qb1 Nf8 18. h3 Bh5 19. g4 Bg6 20. Nf1 d5 21. e5 Bxc2 22. Qxc2 c4 23. Ng3 Rc8 24. Qd2 b4 25. Qe3 Ne6 26. Nf5 Bf8 27. h4 a5 28. g5 a4 29. Rad1 cxb3 30. axb3 axb3 31. Qxb3 Qd7 32. Ng3 Nf4 33. e6 Rxe6 34. Ne5 Rxe5 35. dxe5 Qg4 36. Rd4 Bc5 37. Qd1 Qxh4 38. e6 fxe6 39. Qd2 Rf8 40. Rxe6 Qh3 41. Rxf4 Qxg3+ 0-1

[Event "American Continental 15th"]
[White "Brito,Luismar Jorge"]
[Black "Hungaski,Robert Andrew"]
[Site "Sao Paulo"]
[Round "9"]
[Annotator ""]
[Result "0-1"]
[Date "2019.07.11"]
[WhiteElo "2298"]
[BlackElo "2488"]
[PlyCount "78"]

1. Nc3 d5 2. e4 c6 3. Nf3 Bg4 4. h3 Bxf3 5. Qxf3 e6 6. exd5 cxd5 7. Bb5+ Nc6 8. O-O Nf6 9. Re1 Be7 10. Ne2 O-O 11. c3 Ne5 12. Qe3 Qc7 13. d4 Nc4 14. Qd3 Rfc8 15. Ba4 Rab8 16. Bc2 b5 17. a3 a5 18. Nf4 Nxb2 19. Bxb2 Qxf4 20. Re3 Bd6 21. g3 Qh6 22. Kg2 Ne4 23. Qe2 f5 24. h4 Qg6 25. Qe1 b4 26. axb4 axb4 27. Ra6 Bf4 28. Bxe4 fxe4 29. Re2 bxc3 30. Bxc3 Qg4 31. Bd2 Rb2 32. Kh2 Qxh4+ 33. Kg1 Qg4 34. Kh2 Rcc2 35. Ra8+ Kf7 36. Ra7+ Kg6 37. gxf4 Rxd2 38. Rxd2 Qxf4+ 39. Kh1 Qh6+ 0-1

[Event "American Continental 15th"]
[White "Hungaski,Robert Andrew"]
[Black "Tomiello,Mateus Costamilan"]
[Site "Sao Paulo"]
[Round "8"]
[Annotator ""]
[Result "1-0"]
[Date "2019.07.10"]
[WhiteElo "2488"]
[BlackElo "2114"]
[PlyCount "81"]

1. d4 Nf6 2. c4 g6 3. Nc3 Bg7 4. e4 d6 5. f3 O-O 6. Be3 Nc6 7. Nge2 a6 8. Qd2 Na5 9. b3 b5 10. cxb5 axb5 11. Rc1 Ba6 12. g4 b4 13. Na4 Rb8 14. Ng3 Bxf1 15. Kxf1 Nd7 16. h4 Nb6 17. Nxb6 Rxb6 18. d5 Rb7 19. h5 e6 20. g5 Qd7 21. Qh2 Ra8 22. hxg6 hxg6 23. Ne2 e5 24. f4 Kf8 25. f5 gxf5 26. Qh3 Ke8 27. exf5 Bf8 28. Qf3 Qb5 29. Qe4 Kd7 30. Rh7 Re8 31. f6 Kc8 32. Rxf7 c5 33. Rxb7 Qxb7 34. Ng3 Kb8 35. Kg2 Rc8 36. g6 Qd7 37. Rh1 c4 38. Rh7 Qb5 39. g7 Bxg7 40. fxg7 cxb3 41. Rh8 1-0

[Event "American Continental 15th"]
[White "Gonzalez,Bolivar Ribeiro"]
[Black "Hungaski,Robert Andrew"]
[Site "Sao Paulo"]
[Round "7"]
[Annotator ""]
[Result "1/2-1/2"]
[Date "2019.07.09"]
[WhiteElo "2193"]
[BlackElo "2488"]
[PlyCount "40"]

1. e4 c5 2. Nf3 Nc6 3. d4 cxd4 4. Nxd4 Nf6 5. Nc3 d6 6. Bg5 g6 7. Bxf6 exf6 8. Bc4 Bg7 9. Ndb5 O-O 10. Qxd6 f5 11. O-O-O Qa5 12. Nd5 a6 13. Nbc3 Be6 14. Bb3 Rad8 15. Qa3 Qxa3 16. bxa3 Nd4 17. Rhe1 fxe4 18. Rxe4 Nc6 19. Ree1 Rd7 20. Ne4 Bxd5 1/2-1/2

[Event "American Continental 15th"]
[White "Hungaski,Robert Andrew"]
[Black "Santos,Marcus Vinicius M"]
[Site "Sao Paulo"]
[Round "6"]
[Annotator ""]
[Result "0-1"]
[Date "2019.07.09"]
[WhiteElo "2488"]
[BlackElo "2354"]
[PlyCount "92"]

1. d4 g6 2. e4 Bg7 3. Nc3 d6 4. f4 a6 5. Nf3 b5 6. Bd3 Nd7 7. e5 Nh6 8. a4 b4 9. Ne4 O-O 10. O-O c5 11. c3 Qc7 12. Kh1 Bb7 13. Neg5 e6 14. Qe1 a5 15. Qh4 bxc3 16. bxc3 Ba6 17. Bxa6 Rxa6 18. Be3 Qc6 19. Qh3 Re8 20. dxc5 dxc5 21. Rfd1 Qc7 22. Ra2 Nb6 23. Ne4 Nd5 24. Nfg5 Nxe3 25. Qxe3 Nf5 26. Qe2 Raa8 27. g4 Ne7 28. Nd6 Rf8 29. Qf3 Rab8 30. Rad2 h6 31. Nge4 Rb3 32. Nb5 Qc6 33. Rd6 Qa8 34. Qg2 Nd5 35. R6xd5 Qxd5 36. Rxd5 Rb1+ 37. Qg1 Rxg1+ 38. Kxg1 exd5 39. Nxc5 Rc8 40. Nb7 Rc4 41. Nxa5 Rxf4 42. h3 Rxa4 43. Nc6 Rc4 44. Ne7+ Kf8 45. Nxd5 Rc5 46. c4 Rxc4 0-1

[Event "American Continental 15th"]
[White "Guimaraes,Diogo Duarte"]
[Black "Hungaski,Robert Andrew"]
[Site "Sao Paulo"]
[Round "3"]
[Annotator ""]
[Result "1/2-1/2"]
[Date "2019.07.07"]
[WhiteElo "2307"]
[BlackElo "2488"]
[PlyCount "123"]

1. e4 e5 2. Nf3 Nc6 3. Bb5 d6 4. d4 exd4 5. Nxd4 Bd7 6. O-O g6 7. Nc3 Bg7 8. Be3 Nf6 9. f3 O-O 10. Qd2 Re8 11. Rad1 Nxd4 12. Bxd4 Bxb5 13. Nxb5 a6 14. Nc3 Qd7 15. Nd5 Nxd5 16. Bxg7 Kxg7 17. Qxd5 Qe6 18. Qd4+ Qe5 19. Kf2 a5 20. Rd3 f6 21. Qxe5 fxe5 22. Rb3 b6 23. a4 Kf6 24. Ke3 Ke6 25. g3 Re7 26. f4 Rf8 27. Ke2 exf4 28. Rxf4 Rfe8 29. Rbf3 Kd7 30. Kd3 Kc6 31. Rf7 Rxe4 32. Rxh7 Rxa4 33. Rff7 Kd5 34. c3 c6 35. Rf6 Rg4 36. Rg7 Re6 37. Rxe6 Kxe6 38. Ke3 a4 39. Kf3 Rg5 40. g4 Kf6 41. Rc7 Rc5 42. h4 a3 43. g5+ Kf5 44. Rf7+ Ke5 45. Re7+ Kf5 46. Rf7+ Ke5 47. Re7+ Kd5 48. bxa3 Rxc3+ 49. Kg4 Rxa3 50. Rg7 Ra4+ 51. Kg3 Ra3+ 52. Kg4 c5 53. Rxg6 c4 54. Rg8 c3 55. Rc8 Ra4+ 56. Kg3 Rc4 57. Rxc4 Kxc4 58. g6 c2 59. g7 c1=Q 60. g8=Q+ Kd4 61. Qg7+ Kd5 62. Qb7+ 1/2-1/2

[Event "Mar del Plata op 50th"]
[White "Pierrot,Juan Facundo"]
[Black "Hungaski,Robert Andrew"]
[Site "Mar del Plata"]
[Round "9"]
[Annotator ""]
[Result "1-0"]
[Date "2019.04.20"]
[WhiteElo "2383"]
[BlackElo "2505"]
[PlyCount "75"]

1. d4 d5 2. Nf3 Nf6 3. c4 dxc4 4. e3 Bg4 5. Bxc4 e6 6. O-O Nbd7 7. h3 Bh5 8. Nbd2 Bd6 9. b3 O-O 10. Bb2 Qe7 11. Be2 e5 12. dxe5 Nxe5 13. Nxe5 Bxe5 14. Bxe5 Qxe5 15. Bxh5 Nxh5 16. Nc4 Qc5 17. Qf3 c6 18. Rfd1 Nf6 19. Nd6 Rab8 20. Rac1 Qe5 21. Rc2 g6 22. Rcd2 Qe7 23. e4 Rfd8 24. Qg3 Nh5 25. Nf5 Qf6 26. Nh6+ Kg7 27. e5 Qe6 28. Qe3 Rxd2 29. Rxd2 Re8 30. Ng4 Kg8 31. Qh6 Qe7 32. g3 Rd8 33. Rxd8+ Qxd8 34. Qe3 b6 35. e6 f5 36. e7 Qe8 37. Qe6+ Kg7 38. Qe5+ 1-0

[Event "Mar del Plata op 50th"]
[White "Hungaski,Robert Andrew"]
[Black "Flores,Diego"]
[Site "Mar del Plata"]
[Round "8"]
[Annotator ""]
[Result "1/2-1/2"]
[Date "2019.04.19"]
[WhiteElo "2505"]
[BlackElo "2596"]
[PlyCount "23"]

1. e4 e5 2. Nf3 Nc6 3. d4 exd4 4. Nxd4 Bc5 5. Nb3 Bb6 6. Nc3 Nf6 7. Qe2 a5 8. a4 O-O 9. Be3 d5 10. Bxb6 cxb6 11. O-O-O Re8 12. Nxd5 1/2-1/2

[Event "Mar del Plata op 50th"]
[White "Contin,Daniel"]
[Black "Hungaski,Robert Andrew"]
[Site "Mar del Plata"]
[Round "7"]
[Annotator ""]
[Result "1/2-1/2"]
[Date "2019.04.18"]
[WhiteElo "2236"]
[BlackElo "2505"]
[PlyCount "152"]

1. c4 e5 2. Nc3 Nf6 3. Nf3 Nc6 4. g3 d5 5. cxd5 Nxd5 6. Bg2 Nb6 7. O-O Be7 8. Rb1 O-O 9. b4 a6 10. a3 Re8 11. d3 Bf8 12. Ne4 a5 13. b5 Nd4 14. Nxd4 exd4 15. Qc2 Be6 16. Bb2 Bd5 17. Bf3 Re6 18. Rfc1 Rc8 19. Bg4 c5 20. Qd2 a4 21. f3 Rh6 22. Bxc8 Qxc8 23. Qf4 Qe6 24. Rf1 f5 25. Qb8 Nd7 26. Qc7 fxe4 27. fxe4 Ba2 28. Ra1 Bb3 29. Rf5 b6 30. Raf1 Rf6 31. Bc1 Rxf5 32. Rxf5 Qd6 33. Rxf8+ Qxf8 34. Qxd7 Bd1 35. Qg4 Qe8 36. Bf4 h5 37. Qf3 Qxb5 38. Qxh5 Qd7 39. Kf2 Bb3 40. Qg6 b5 41. Qd6 Qxd6 42. Bxd6 c4 43. Bc5 Bc2 44. dxc4 bxc4 45. Bxd4 Bxe4 46. Ke3 Bg2 47. h4 g6 48. Kf4 Kf7 49. Ke5 Bf1 50. e4 Be2 51. Bc3 Bf3 52. Kf4 Bd1 53. Kg5 Bc2 54. Kf4 Ke6 55. g4 Bd1 56. Kg5 Kf7 57. e5 Bc2 58. Kh6 Bd3 59. Kg5 Bc2 60. h5 gxh5 61. gxh5 Ke6 62. Kf4 Bd1 63. h6 Bc2 64. Ke3 Kd5 65. Bb2 Bh7 66. Kd2 Bg6 67. Bd4 Bh7 68. Kc3 Bf5 69. Kd2 Bh7 70. Ba1 Bg6 71. Kc3 Kxe5 72. Kb4+ c3 73. Bxc3+ Kd6 74. Kxa4 Kc6 75. Kb4 Kb7 76. a4 Ka8 1/2-1/2

[Event "Mar del Plata op 50th"]
[White "Hungaski,Robert Andrew"]
[Black "Gomez Baillo,Jorge H"]
[Site "Mar del Plata"]
[Round "6"]
[Annotator ""]
[Result "1-0"]
[Date "2019.04.17"]
[WhiteElo "2505"]
[BlackElo "2376"]
[PlyCount "95"]

1. e4 c6 2. d4 d5 3. Nc3 dxe4 4. Nxe4 Bf5 5. Ng3 Bg6 6. h4 h6 7. Nf3 Nd7 8. h5 Bh7 9. Bd3 Bxd3 10. Qxd3 Ngf6 11. Bd2 e6 12. O-O-O Be7 13. Kb1 c5 14. Ne4 Qc7 15. c4 O-O-O 16. Nxf6 Nxf6 17. Be3 cxd4 18. Bxd4 Bc5 19. Qe3 Bxd4 20. Rxd4 Rxd4 21. Qxd4 a6 22. Ne5 Rd8 23. Qe3 Qe7 24. Kc2 Nd7 25. Rd1 Nxe5 26. Rxd8+ Kxd8 27. Qxe5 Qc7 28. Qxc7+ Kxc7 29. b4 Kd6 30. Kd3 Ke5 31. Ke3 f6 32. f4+ Kd6 33. Kd4 Kc6 34. a4 Kb6 35. c5+ Kc7 36. b5 axb5 37. axb5 Kd7 38. Kc4 Kc7 39. Kb4 Kd7 40. Ka5 Kc7 41. g3 Kb8 42. Kb6 e5 43. fxe5 fxe5 44. Ka5 b6+ 45. Kb4 bxc5+ 46. Kxc5 Kc7 47. Kd5 Kb6 48. Kxe5 1-0

[Event "Mar del Plata op 50th"]
[White "Cirianni,Alejandro"]
[Black "Hungaski,Robert Andrew"]
[Site "Mar del Plata"]
[Round "5"]
[Annotator ""]
[Result "0-1"]
[Date "2019.04.16"]
[WhiteElo "1975"]
[BlackElo "2505"]
[PlyCount "106"]

1. c4 e5 2. Nc3 Nf6 3. Nf3 Nc6 4. e3 Bb4 5. Qc2 O-O 6. Nd5 Re8 7. Qf5 d6 8. Nxf6+ gxf6 9. Qc2 d5 10. a3 Bf8 11. cxd5 Qxd5 12. Bc4 Bf5 13. d3 Qd7 14. Nh4 Be6 15. Bb5 Nb4 16. axb4 Qxb5 17. Bd2 Red8 18. Ra4 Qxd3 19. Qxd3 Rxd3 20. Bc3 b6 21. Ra1 c5 22. bxc5 Bxc5 23. g4 a5 24. Rg1 h6 25. Nf3 Kh7 26. h4 Rg8 27. g5 e4 28. Nd2 f5 29. Ke2 h5 30. Nf1 Rgd8 31. Ng3 Kg6 32. Ke1 Bb3 33. Ke2 a4 34. Rgc1 b5 35. Ke1 b4 36. Bf6 R8d5 37. Ne2 Bd6 38. Nf4+ Bxf4 39. Rc8 Bxg5 40. hxg5 f4 41. exf4 Kf5 42. Be5 Kg4 43. Ke2 Rd2+ 44. Kf1 Kf3 45. Re1 Rxf2+ 46. Kg1 e3 47. Rcc1 Rg2+ 48. Kh1 e2 49. Bc3 bxc3 50. Rxc3+ Kf2 51. Rxe2+ Kxe2 52. Kxg2 Rd2 53. Rf3 Bd5 0-1

[Event "Mar del Plata op 50th"]
[White "Hungaski,Robert Andrew"]
[Black "Basualto Penalieres,Pedro Jaime"]
[Site "Mar del Plata"]
[Round "4"]
[Annotator ""]
[Result "1-0"]
[Date "2019.04.15"]
[WhiteElo "2505"]
[BlackElo "2125"]
[PlyCount "135"]

1. e4 e5 2. Nf3 Nc6 3. Bc4 Be7 4. d4 d6 5. dxe5 dxe5 6. Qe2 Bg4 7. c3 Nf6 8. h3 Bh5 9. Nbd2 Bg6 10. Nh4 Qd7 11. Nxg6 hxg6 12. Nf3 Nh5 13. Be3 f6 14. Rd1 Bd6 15. g3 g5 16. h4 O-O-O 17. Bb5 gxh4 18. Rxh4 g5 19. Nxe5 Qe8 20. Nxc6 bxc6 21. Ba6+ Kd7 22. Qg4+ Qe6 23. Qxe6+ Kxe6 24. Bc4+ Ke7 25. Rh1 a5 26. e5 fxe5 27. Bxg5+ Nf6 28. Ke2 Rdf8 29. f3 Rxh1 30. Rxh1 Kd7 31. Rh6 Nd5 32. Bd3 Ne7 33. Be4 Rg8 34. Bh4 Rb8 35. b3 a4 36. Bc2 axb3 37. axb3 Ra8 38. Be4 Ra3 39. Rh7 Ke6 40. Bd3 Ra2+ 41. Kd1 Ra1+ 42. Kc2 Ra2+ 43. Kb1 Rf2 44. Bxe7 Bxe7 45. Be4 c5 46. g4 Bg5 47. Rxc7 Be3 48. g5 Rf1+ 49. Kc2 Rg1 50. g6 Kf6 51. Kd3 Bf2 52. Ke2 Bh4 53. Rxc5 Rg2+ 54. Kd3 Bg5 55. Rc6+ Kg7 56. Rc7+ Kf6 57. Rc6+ Kg7 58. Kc4 Be7 59. b4 Ra2 60. Kd5 Ra7 61. b5 Rb7 62. b6 Bd8 63. Kc5 Be7+ 64. Kc4 Bd8 65. Kc5 Be7+ 66. Kb5 Rb8 67. Rc4 Rd8 68. b7 1-0